| 000 | 00522nam a2200169Ia 4500 | ||
|---|---|---|---|
| 005 | 20250923144553.0 | ||
| 008 | 008 250917s9999 xx 000 0 eng d | ||
| 037 | _aTextual | ||
| 040 |
_aDSWL _beng _cDSWL |
||
| 041 |
_aeng _2eng |
||
| 084 |
_aYX, Z1-z4:6-J, N56 _qDSWL |
||
| 245 | 0 |
_aInstitutional care of children _cby United Nations. |
|
| 260 |
_aNew York _bDepartment of economic andsocial affairs _c1956 |
||
| 300 | _aiv, 70p. | ||
| 942 |
_cTEXL _hYX, Z1-z4:6-J, N56 |
||
| 999 |
_c1440633 _d1440633 |
||